Football Teams Laurent Blanc Played For - Statistics

General Stats
  • This quiz has been taken 29 times
  • The average score is 5 of 9
Answer Stats
League Years Team % Correct
France 1997-1999 Olympique de Marseille
86%
Italy 1999-2001 Inter
82%
England 2001-2003 Manchester United
82%
Spain 1996-1997 FC Barcelona
73%
Italy 1991-1992 SSC Napoli
50%
France 1983-1991 Montpellier HSC
36%
France 1995-1996 AJ Auxerre
32%
France 1993-1995 AS Saint-Étienne
32%
France 1992-1993 Nîmes Olympique
23%
No matching quizzes found
Score Distribution
Percent of People with Each Score
Percentile by Number Answered
Your Score History
You have not taken this quiz